000 004380000a22001810004500
020 _a0-465-04237-6
041 0 _aENG
082 0 4 _aG 616.89 B7871a
100 1 _aBowlby, John
245 1 0 _aAttachment and loss / John Bowlby
260 _aNew York, USA : Basic
300 _a472 Pag
001 10444
942 _cBK
999 _c39995
_d39995
336 _atexto
_btxt
_2rdacontent
337 _2rdamedia
_asin mediación
_bn
338 _2rdacarrier
_avolumen
_bnc